God's plan for man. (Record no. 3378)

000 -LEADER
fixed length control field 00770nam a2200217 a 4500
001 - CONTROL NUMBER
control field :::00001108$&:&@@
003 - CONTROL NUMBER IDENTIFIER
control field OkBaRHE
005 - DATE AND TIME OF LATEST TRANSACTION
control field 20010405110150.0
008 - FIXED-LENGTH DATA ELEMENTS--GENERAL INFORMATION
fixed length control field s1977 j 000 0 eng u
040 ## - CATALOGING SOURCE
Transcribing agency
100 1# - MAIN ENTRY--PERSONAL NAME
Personal name Dake, Finis Jennings.
245 10 - TITLE STATEMENT
Title God's plan for man.
260 ## - PUBLICATION, DISTRIBUTION, ETC. (IMPRINT)
Place of publication, distribution, etc Lawrenceville, GA., :
Name of publisher, distributor, etc Dake Bible Sales, Inc.
Date of publication, distribution, etc c1977
300 ## - PHYSICAL DESCRIPTION
Extent 1018 p. ;
Dimensions 23 cm.
650 ## - SUBJECT ADDED ENTRY--TOPICAL TERM
Topical term or geographic name as entry element Bible
General subdivision Theology
650 ## - SUBJECT ADDED ENTRY--TOPICAL TERM
Topical term or geographic name as entry element Theology
General subdivision Doctrinal
942 ## - ADDED ENTRY ELEMENTS (KOHA)
Source of classification or shelving scheme
Koha item type Books
Copies
Price effective from Withdrawn status Shelving location Date last seen Lost status Barcode Permanent Location Koha item type Full call number Not for loan Source of classification or shelving scheme Damaged status Date acquired Copy number
2010-04-14 General Stacks2018-02-16 1108RHEMA Bible Training CollegeBooksBS 543 .D3   2010-04-141
2010-04-14 General Stacks2018-02-16 19426RHEMA Bible Training CollegeBooksBS 543 .D3   2010-04-142
2010-04-14 General Stacks2018-02-16 20771RHEMA Bible Training CollegeBooksBS 543 .D3   2010-04-143